<?xml version="1.0" encoding="UTF-8"?><?xml-stylesheet type="text/xsl" href="static/style.xsl"?><OAI-PMH xmlns="http://www.openarchives.org/OAI/2.0/" xmlns:xsi="http://www.w3.org/2001/XMLSchema-instance" xsi:schemaLocation="http://www.openarchives.org/OAI/2.0/ http://www.openarchives.org/OAI/2.0/OAI-PMH.xsd"><responseDate>2026-04-13T15:11:56Z</responseDate><request verb="GetRecord" identifier="oai:www.recercat.cat:2072/470947" metadataPrefix="marc">https://recercat.cat/oai/request</request><GetRecord><record><header><identifier>oai:recercat.cat:2072/470947</identifier><datestamp>2025-07-29T22:09:26Z</datestamp><setSpec>com_2072_98</setSpec><setSpec>col_2072_378192</setSpec></header><metadata><record xmlns="http://www.loc.gov/MARC21/slim" xmlns:dcterms="http://purl.org/dc/terms/" xmlns:xsi="http://www.w3.org/2001/XMLSchema-instance" xmlns:doc="http://www.lyncode.com/xoai" xsi:schemaLocation="http://www.loc.gov/MARC21/slim http://www.loc.gov/standards/marcxml/schema/MARC21slim.xsd">
   <leader>00925njm 22002777a 4500</leader>
   <datafield ind2=" " ind1=" " tag="042">
      <subfield code="a">dc</subfield>
   </datafield>
   <datafield ind2=" " ind1=" " tag="720">
      <subfield code="a">Ophir, Ariane</subfield>
      <subfield code="e">author</subfield>
   </datafield>
   <datafield ind2=" " ind1=" " tag="720">
      <subfield code="a">Boertien, Diederik</subfield>
      <subfield code="e">author</subfield>
   </datafield>
   <datafield ind2=" " ind1=" " tag="720">
      <subfield code="a">Vidal, Sergi</subfield>
      <subfield code="e">author</subfield>
   </datafield>
   <datafield ind2=" " ind1=" " tag="260">
      <subfield code="c">2023</subfield>
   </datafield>
   <datafield ind2=" " ind1=" " tag="520">
      <subfield code="a">Altres ajuts: Spanish Ministry of Education.</subfield>
   </datafield>
   <datafield ind2=" " ind1=" " tag="520">
      <subfield code="a">Narratives of demographic shifts overlook how societal changes shape the family trajectories of sexual minorities. Using sequence analysis, we describe how partnering and parenthood evolve over the life course of lesbian, gay, and bisexual (LGB) women and men in the United Kingdom (N = 455) and how the types of these family trajectories changed across two birth cohorts (born before 1965 and in 1965-1979). We find five distinct trajectories between ages 18 and 40, wherein two thirds of the sample belonged to a family trajectory that did not involve living with children. Partnership-centered trajectories became more common across cohorts, and this increase came at the expense of trajectories characterized by singlehood among gay men and lesbian women. However, parenthood trajectories became less common among all LGB groups. Furthermore, family trajectories became more complex across cohorts, including more transitions, which coincides with trends in the general population. Yet we also find that family trajectories became less diverse among lesbian women and bisexual men, in contrast to the trend among gay men and the general population. The results demonstrate the dynamic, complex, and diverse nature of LGB individuals' family lives and why existing narratives of family-related demographic change should explicitly consider sexual minorities in demographic narratives.</subfield>
   </datafield>
   <datafield tag="653" ind2=" " ind1=" ">
      <subfield code="a">Sexual minorities</subfield>
   </datafield>
   <datafield tag="653" ind2=" " ind1=" ">
      <subfield code="a">Partnering</subfield>
   </datafield>
   <datafield tag="653" ind2=" " ind1=" ">
      <subfield code="a">Parenthood</subfield>
   </datafield>
   <datafield tag="653" ind2=" " ind1=" ">
      <subfield code="a">Life course</subfield>
   </datafield>
   <datafield tag="653" ind2=" " ind1=" ">
      <subfield code="a">Sequence analysis</subfield>
   </datafield>
   <datafield ind2="0" ind1="0" tag="245">
      <subfield code="a">Sexuality and demographic change : documenting family formation trajectories and cohort change in the LGB population</subfield>
   </datafield>
</record></metadata></record></GetRecord></OAI-PMH>